| 000 | 00879nam a2200205Ia 4500 | ||
|---|---|---|---|
| 999 |
_c37800 _d37800 |
||
| 001 | 3777 | ||
| 003 | GE_BSU | ||
| 005 | 20190808152803.0 | ||
| 008 | 181216s1970||||ge |||||||||||||| ||geo|| | ||
| 040 | _cGE_BSU | ||
| 041 | _ageo | ||
| 080 | _a069(479.22) ს–32 | ||
| 245 |
_aს. ჯანაშიას სახ. საქართველოს სახელმწიფო მუზეუმის მოამბე XXVI-В : _bტ. 26-B / _cრედ. შ. ხანთაძე. |
||
| 264 |
_aთბილისი, _bმეცნიერება, _c1970. |
||
| 300 |
_a310 გვ.; _b 26 სმ. |
||
| 546 | _aტექსტი ქართ. და რუს. ენ. | ||
| 653 | _aსაქართველოს მუზეუმის მოამბე | ||
| 700 |
_a ხანთაძე, შ. _eრედაქტორი _93464 |
||
| 942 |
_cBK _2udc |
||